| 000 | 00752cam a22002533a 4500 | ||
|---|---|---|---|
| 001 | 19063 | ||
| 003 | PGUSA | ||
| 005 | 20140828083414.0 | ||
| 008 | 060816s2006||||xxu|||||s|||||000 1 eng d | ||
| 040 |
_aPGUSA _beng |
||
| 042 | _adc | ||
| 050 | 4 | _aPZ | |
| 245 | 1 | 0 |
_aLittle Alice's Palace ; _bor, The Sunny Heart _h[electronic resource] / _cAnonymous |
| 260 |
_bProject Gutenberg, _c2006 |
||
| 506 | _aPublic domain in the USA. | ||
| 516 | _aElectronic text | ||
| 653 | _aOptimism -- Juvenile fiction | ||
| 653 | _aPoverty -- Juvenile fiction | ||
| 653 | _aChristian life -- Juvenile fiction | ||
| 653 | _aHappiness -- Juvenile fiction | ||
| 830 | 0 |
_aProject Gutenberg _v19063 |
|
| 856 | 4 | 0 | _uhttp://www.gutenberg.org/ebooks/19063 |
| 942 | _cEB | ||
| 999 |
_c248318 _d248318 |
||